000 00883nam a22002297a 4500
999 _c5526
_d5526
003 AR-CdUCM
008 190312b ||||| |||| 00| 0 spa d
040 _aMUNICIPALIDAD PROVINCIAL DEL CUSCO
_cBIBLIOTECA MUNICIPAL DEL CUSCO
082 _a303.62 /
_bD45
100 _aDegregori, Carlos Iván
_947
245 _aEl surgimiento de Sendero Luminoso :
_bAyacucho 1969-1979 /
260 _aLima :
_bIEP,
_c1990.
300 _a270 páginas ;
_c20 cm.
440 _aIdeología y política
_n7
_916565
500 _aDonación familia Nieto
505 _aContenido: La estructura arcaica -- La universidad, factor decisivo -- La batalla legal -- El movimiento en Ayacucho y Huanta -- "¿Quién se acuerda de Ayacucho?" ...
650 _aSendero Luminoso
_91687
650 _aAyacucho - Perú
_916566
650 _aParticipación femenina
_916567
942 _2ddc
_cLIBROS
945 _aafb